Clinical and pharmacological studies of isolated limb perfusion /
Saved in:
| Main Author: | |
|---|---|
| Format: | Thesis Book |
| Language: | English |
| Published: |
2002.
|
| Subjects: | |
| Tags: |
Add Tag
No Tags, Be the first to tag this record!
|
| LEADER | 00821nam a2200229 a 4500 | ||
|---|---|---|---|
| 001 | u697242 | ||
| 003 | SIRSI | ||
| 008 | 920910s2002 my t 00 1 eng | ||
| 035 | |a ADB-9175 | ||
| 040 | |a UMP | ||
| 096 | |a WO20 |b UMP 2002 Chi | ||
| 100 | 1 | 0 | |a Chin-Aik Kam, Peter. |
| 245 | 1 | 0 | |a Clinical and pharmacological studies of isolated limb perfusion / |c Peter Chin-Aik Kam. |
| 260 | 0 | |c 2002. | |
| 300 | |a xix, 209 leaves : |b ill. ; |c 30 cm. | ||
| 502 | |a Dissertation (M.D.) -- Department of Anaesthesiology, University of Malaya. | ||
| 504 | |a Bibliography: leaves 172-206. | ||
| 650 | 2 | |a Perfusion, Regional. | |
| 710 | 2 | 0 | |a Universiti Malaya. |b Jabatan Anestesiologi. |
| 948 | |a 19/07/2004 |b 19/07/2004 | ||
| 596 | |a 2 | ||
| 999 | |a WO20 UMP 2002 CHI |w NLM |c 1 |i A503067416 |d 28/4/2006 |f 28/4/2006 |g 2 |l STACKS |m P02MEDKL |r Y |s Y |t TESIS |u 28/4/2006 | ||
